Cliquez sur la bonne traduction en polonais - Les couleurs - Statistiques

Statistiques générales
  • Ce quiz a été pris 113 fois
  • Le résultat moyen est 7 sur 11
Statistiques - réponses
Hint Réponse % Correct
Blanc Biały
82%
Rose Różowy
82%
Orange Pomarańczowy
76%
Marron Brązowy
67%
Violet Fioletowy
65%
Noir Czarny
61%
Rouge Czerwony
61%
Gris Szary
58%
Bleu Niebieski
56%
Vert Zielony
56%
Jaune Żółty
48%
Aucun quiz correspondant
Distribution des résultats
% des personnes avec chaque résultat
Percentile par nombre de réponses
Votre historique - résultats
Vous n’avez pas pris ce quiz